[Event "PRO League Group Stage"]
[Site "masterchessopen.com chess.com INT"]
[Date "2017.02.15"]
[Round "6"]
[White "Gupta,Ab"]
[Black "Holm,Kristian Stuvik"]
[Result "1-0"]
[WhiteElo "2645"]
[BlackElo "2398"]

1.d4 Nf6 2.Bf4 d5 3.e3 c5 4.Nf3 Nc6 5.Nbd2 cxd4 6.exd4 Bf5 7.c3 e6 8.Qb3 Qc8
9.Nh4 Be4 10.f3 Bg6 11.Nxg6 hxg6 12.Bd3 Nh5 13.Be3 Bd6 14.O-O-O O-O 15.Kb1 Rb8
16.Qc2 b5 17.Nb3 a5 18.Nc5 b4 19.Ka1 Bxc5 20.dxc5 bxc3 21.Qxc3 e5 22.Qa3 Qc7
23.g4 Nf6 24.h4 Rb4 25.h5 e4 26.fxe4 dxe4 27.Be2 gxh5 28.g5 Ng4 29.Rxh5 Nxe3
30.Qxe3 Qe5 31.Qc3 Rfb8 32.Rdh1 Kf8 33.g6 Qxc3 34.bxc3 Rb2 35.Bc4 f6 36.Rh8+
Ke7 37.R8h7 f5 38.Rxg7+ Kf6 39.Rf7+ Kg5 40.Rf1 Kg4 41.R7xf5 e3 42.R5f4+ Kg3
43.R4f3+ Kg2 44.Rxe3 Rf2 45.Rxf2+ Kxf2 46.Re6 {#r} 1-0

[Event "PRO League Group Stage"]
[Site "masterchessopen.com chess.com INT"]
[Date "2017.02.15"]
[Round "6"]
[White "Lee,Andy"]
[Black "Li,Ruifeng"]
[Result "0-1"]
[WhiteElo "2252"]
[BlackElo "2564"]

1.d4 d5 2.c4 c6 3.Nf3 Nf6 4.cxd5 cxd5 5.Nc3 Nc6 6.Bf4 a6 7.e3 Bg4 8.Be2 e6
9.O-O Be7 10.Ne5 Bxe2 11.Qxe2 Rc8 12.Rac1 O-O 13.a3 Na5 14.Qd3 Nc4 15.Nxc4
dxc4 16.Qc2 b5 17.Bg5 h6 18.Bh4 Qd7 19.Ne4 Nxe4 20.Bxe7 Qxe7 21.Qxe4 Rfd8
22.Rc2 Rd5 23.Rfc1 Rcd8 24.g3 Qd6 25.Kg2 e5 26.dxe5 Rxe5 27.Qf3 Rd5 28.Re1 Rd3
29.h4 Qe5 30.Rec1 Rb3 31.Qe2 Rbd3 32.Qf3 h5 33.a4 g6 34.axb5 axb5 35.Ra1 R8d7
36.Qc6 Kg7 37.Ra5 R7d5 38.Kh2 Rd1 39.f4 Qe4 40.Rg2 Rh1+ 41.Kxh1 Rd1+ 42.Kh2
Qxc6 {#R} 0-1

[Event "PRO League Group Stage"]
[Site "masterchessopen.com chess.com INT"]
[Date "2017.02.15"]
[Round "6"]
[White "Fishbein,A"]
[Black "Biag,Ivan Gil"]
[Result "1-0"]
[WhiteElo "2481"]
[BlackElo "2337"]

1.Nf3 d5 2.g3 Nf6 3.Bg2 c6 4.O-O Bf5 5.c4 e6 6.d3 Nbd7 7.b3 h6 8.Re1 Be7 9.Ba3
O-O 10.Qc1 Re8 11.Bxe7 Qxe7 12.Qa3 a6 13.Qxe7 Rxe7 14.cxd5 exd5 15.Nc3 Rae8
16.b4 Bg4 17.Nd4 Ne5 18.Rec1 Bd7 19.Na4 Nh7 20.Nb6 Nf8 21.a4 g6 22.b5 Ne6
23.Nxe6 Rxe6 24.bxa6 bxa6 25.d4 c5 26.Nxd5 cxd4 27.Nc7 Rd8 28.Nxe6 Bxe6 29.Rc5
Nc4 30.a5 Nd2 31.Rc6 Nb3 32.Ra3 d3 33.exd3 Rxd3 34.Bf1 Rf3 35.Be2 Nd4 36.Bxf3
{#r} 1-0

[Event "PRO League Group Stage"]
[Site "masterchessopen.com chess.com INT"]
[Date "2017.02.15"]
[Round "6"]
[White "Lenderman,A"]
[Black "Shen,Christopher Y"]
[Result "1-0"]
[WhiteElo "2573"]
[BlackElo "2165"]

1.d4 d6 2.Nf3 g6 3.c4 Bg7 4.Nc3 Nf6 5.e4 O-O 6.Be2 Nbd7 7.O-O e5 8.Be3 Ng4
9.Bg5 f6 10.Bh4 Nh6 11.dxe5 dxe5 12.Qc2 Nf7 13.Rfd1 c6 14.a3 Qe7 15.b4 h5
16.Bg3 g5 17.h4 g4 18.Nh2 Rd8 19.Nf1 Nf8 20.Ne3 Be6 21.Ncd5 cxd5 22.exd5 Bd7
23.c5 f5 24.Nxf5 Bxf5 25.Qxf5 e4 26.Ra2 e3 27.Qxh5 exf2+ 28.Bxf2 Ne5 29.Bxg4
Nxg4 30.Qxg4 Nh7 31.Re2 Qf7 32.d6 Nf6 33.Qf3 Rd7 34.b5 Qf8 35.Bg3 Rf7 36.c6
bxc6 37.bxc6 Rc8 38.Rde1 Nh7 39.Qd3 Nf6 40.d7 Rd8 41.Bd6 Rfxd7 42.cxd7 Rxd7
43.Bxf8 Rxd3 44.Bxg7 Kxg7 45.Re7+ Kg6 46.Rxa7 Ng4 47.Ra5 Kf6 48.Rg5 Nh6
49.Rf1+ Ke7 50.Rg7+ {#r} 1-0

[Event "PRO League Group Stage"]
[Site "masterchessopen.com chess.com INT"]
[Date "2017.02.15"]
[Round "6"]
[White "Colovic,A"]
[Black "Borisek,J"]
[Result "1-0"]
[WhiteElo "2443"]
[BlackElo "2565"]

1.e4 e5 2.Nf3 Nc6 3.Bb5 a6 4.Ba4 Nf6 5.O-O Be7 6.Re1 b5 7.Bb3 d6 8.c3 O-O 9.h3
Bb7 10.d4 Re8 11.a4 h6 12.Qe2 Bf8 13.d5 Na5 14.Bc2 c6 15.dxc6 Bxc6 16.Nbd2 Qc7
17.b4 Nb7 18.Bb2 Rab8 19.axb5 axb5 20.Bd3 Nd8 21.Nb3 Ne6 22.g3 d5 23.Nbd2 Qb7
24.Ra5 Bd6 25.exd5 Nxd5 26.Be4 Bc7 27.Raa1 Rbd8 28.Nb3 Nf6 29.Na5 Bxa5 30.Bxc6
Qxc6 31.bxa5 e4 32.Nd4 Nxd4 33.cxd4 Nd5 34.a6 Ra8 35.Rec1 Qe6 36.Rc5 e3
37.fxe3 Nf6 38.Re5 Qxh3 39.Rxe8+ Nxe8 40.Qg2 Qc8 41.a7 Nd6 42.d5 b4 43.Bd4 Nb5
44.Qe4 b3 45.Qd3 Nxd4 46.Qxd4 Qb7 47.e4 b2 48.Rb1 Qxa7 49.Qxa7 Rxa7 50.Rxb2
Ra4 51.d6 Rd4 52.e5 Kh7 53.Kf2 Rd5 54.Kf3 f6 55.e6 Rxd6 56.e7 Rd3+ 57.Kf2 {#r}
1-0

[Event "PRO League Group Stage"]
[Site "masterchessopen.com chess.com INT"]
[Date "2017.02.15"]
[Round "6"]
[White "Colovic,A"]
[Black "Pavasovic,D"]
[Result "1-0"]
[WhiteElo "2443"]
[BlackElo "2548"]

1.e4 e5 2.Nf3 Nc6 3.Bc4 Nf6 4.Ng5 d5 5.exd5 Na5 6.Bb5+ Bd7 7.Qe2 Be7 8.Nc3
Bxb5 9.Qxb5+ c6 10.dxc6 Nxc6 11.O-O O-O 12.Qxb7 Nd4 13.Nge4 Nxc2 14.Rb1 Re8
15.Nxf6+ Bxf6 16.Qe4 Nd4 17.d3 Rc8 18.Be3 Rxc3 19.bxc3 Ne2+ 20.Kh1 Nxc3 21.Qc4
Nxb1 22.Rxb1 Qd7 23.h3 h6 24.a4 Rc8 25.Qb5 Qe7 26.Qb7 Rc7 27.Qa8+ Kh7 28.Qe4+
g6 29.Rb5 Rd7 30.Rd5 Rb7 31.Rb5 Rd7 32.Rd5 Rc7 33.Rb5 Bg7 34.Qd5 Rd7 35.Qc5
Qe6 36.Qc4 Qf5 37.Ra5 Qxd3 38.Qxd3 Rxd3 39.Rxa7 Ra3 40.a5 g5 41.a6 Kg6 42.Ra8
e4 43.a7 {#r} 1-0

[Event "PRO League Group Stage"]
[Site "masterchessopen.com chess.com INT"]
[Date "2017.02.15"]
[Round "6"]
[White "Stripunsky,A"]
[Black "Biag,Ivan Gil"]
[Result "1-0"]
[WhiteElo "2536"]
[BlackElo "2337"]

1.e4 c6 2.d4 d5 3.exd5 cxd5 4.Bd3 Nc6 5.c3 Qc7 6.Ne2 Bg4 7.Na3 e6 8.Nb5 Qd7
9.Bf4 Rc8 10.a4 a6 11.Na3 Bd6 12.Bxd6 Qxd6 13.O-O Nf6 14.Qd2 Bh5 15.Rfe1 Bg6
16.Nf4 Bxd3 17.Nxd3 Ne4 18.Qe3 O-O 19.f3 Nf6 20.Qf2 Rfe8 21.Nc2 Nd7 22.Re2 Re7
23.a5 Rce8 24.b4 Na7 25.Ne3 Nb5 26.Qe1 Nf8 27.Nc5 Ng6 28.g3 Qd8 29.Qd2 Nd6
30.Rae1 Nf8 31.Ng4 f6 32.Nf2 Nc4 33.Qd3 Qd6 34.Ng4 Qc6 35.Ne3 Nxe3 36.Rxe3 Nd7
37.Qe2 Nxc5 38.dxc5 e5 39.Qa2 Qe6 40.Rd1 Rd8 41.Kg2 Kf7 42.f4 Qc6 43.fxe5 Rxe5
44.Rxe5 fxe5 45.Qf2+ Kg8 46.Rf1 h6 47.Qf7+ Kh8 48.Qe7 d4+ 49.Kg1 Rd7 50.Qe8+
Kh7 51.Rf8 g5 52.Rh8+ Kg7 53.Qf8+ {#r} 1-0

[Event "PRO League Group Stage"]
[Site "masterchessopen.com chess.com INT"]
[Date "2017.02.15"]
[Round "6"]
[White "Ghasi,A"]
[Black "Kollars,Dmitrij"]
[Result "0-1"]
[WhiteElo "2455"]
[BlackElo "2500"]

1.Nf3 Nf6 2.g3 g6 3.Bg2 Bg7 4.O-O O-O 5.d4 d6 6.Nc3 d5 7.Bf4 c6 8.Ne5 Nh5
9.Bd2 f6 10.Nf3 e5 11.e4 dxe4 12.Nxe4 f5 13.Bg5 Qc7 14.Nc5 e4 15.Ne5 b6 16.Nb3
c5 17.c3 Bxe5 18.dxe5 Qxe5 19.Nd2 Bb7 20.Re1 Qg7 21.Qb3+ Qf7 22.f3 exf3
23.Nxf3 Qxb3 24.axb3 Be4 25.Ne5 Bxg2 26.Kxg2 a5 27.Nc4 Nd7 28.Re7 Rf7 29.Rxd7
Rxd7 30.Nxb6 Rda7 31.Nxa8 Rxa8 32.Be3 Rb8 33.Rxa5 Rxb3 34.Ra2 c4 35.Bd4 Rb7
36.Kf3 Ng7 37.Ra6 Kf7 38.Rf6+ Ke7 39.Rc6 Ne6 40.Be3 Rxb2 41.h4 Kd7 42.Rxc4 Rc2
43.Bd4 Nxd4+ 44.Rxd4+ Ke6 45.Rc4 Ke5 46.Rc7 h6 47.g4 fxg4+ 48.Kxg4 h5+ 49.Kg5
Rg2+ 50.Kh6 Rg4 51.Rc5+ Kf6 52.Rc6+ Kf5 53.c4 Rxh4 54.Rxg6 Rg4 55.Rd6 h4
56.Rd2 h3 57.Kh5 Rg2 58.Rd1 h2 59.Rh1 Kf4 60.Kh4 Kf3 61.Kh3 Rg8 62.Rf1+ Ke2
63.Rh1 Kf2 64.c5 Rh8+ 65.Kg4 Kg2 66.Rc1 h1=Q 67.Rxh1 Kxh1 68.Kf4 Rc8 {#R} 0-1

[Event "PRO League Group Stage"]
[Site "masterchessopen.com chess.com INT"]
[Date "2017.02.15"]
[Round "6"]
[White "Spoelman,W"]
[Black "Astaneh Lopez,A"]
[Result "1-0"]
[WhiteElo "2584"]
[BlackElo "2417"]

1.c4 c6 2.Nc3 d5 3.e3 Nf6 4.Nf3 g6 5.b3 Bg7 6.Bb2 O-O 7.Be2 c5 8.d4 cxd4
9.exd4 Nc6 10.O-O dxc4 11.bxc4 Bg4 12.Na4 Ne4 13.h3 Bf5 14.Rc1 Rc8 15.Re1 b6
16.Bf1 Nd6 17.c5 bxc5 18.dxc5 Bxb2 19.Nxb2 Nb7 20.Qa4 Qc7 21.Qh4 Kg7 22.Nc4
Rcd8 23.Ne3 Bc8 24.Bc4 h6 25.Nd5 Qa5 26.Nxe7 Nxe7 27.Rxe7 Qxc5 28.Rce1 Nd6
29.Bd3 Bf5 30.R7e5 Qc3 31.Bxf5 Nxf5 32.Qa4 Qb2 33.R5e2 Qb6 34.Rc2 Rd6 35.Qb3
Qxb3 36.axb3 Rd3 37.Ra1 Ra8 38.Rc7 Rxb3 39.Ne5 Nd6 40.Raxa7 Re8 41.Nxf7 Re1+
42.Kh2 Nb5 43.Ne5+ Nxc7 44.Rxc7+ Kf6 45.Ng4+ Ke6 46.Nxh6 Reb1 47.Rc6+ Ke5
48.Rxg6 Rc1 49.Ng4+ Kf5 50.Rg8 Rbb1 51.f3 Kf4 52.Rf8+ Kg5 53.Kg3 Kg6 54.h4 Kg7
55.Rd8 Rb2 56.Ne3 Re1 57.Nf5+ Kf6 58.Rf8+ Kg6 59.Kf4 Rb4+ 60.Kg3 Rb2 61.h5+
Kxh5 62.Rg8 Ree2 63.Kh3 Rxg2 64.Rxg2 Rb1 65.Ng3+ Kg5 66.Ne2+ Kf5 67.Kg3 Rb4
68.Rh2 Kg5 69.f4+ Kg6 70.Ng1 Ra4 71.Nf3 Kf5 72.Rh5+ Kg6 73.Rb5 Ra6 74.Kg4 Ra4
75.Rc5 Kg7 76.Kg5 Ra3 77.Ne5 Kf8 78.f5 Ke7 79.Rc6 Rg3+ 80.Kf4 Rg1 81.Rc7+ Ke8
82.f6 Rf1+ 83.Kg5 Kd8 84.Rd7+ Ke8 85.f7+ Kf8 86.Ng6+ {#r} 1-0

[Event "PRO League Group Stage"]
[Site "masterchessopen.com chess.com INT"]
[Date "2017.02.15"]
[Round "6"]
[White "Spoelman,W"]
[Black "O'Cinneide,M"]
[Result "1-0"]
[WhiteElo "2584"]
[BlackElo "2227"]

1.c4 Nf6 2.Nc3 c5 3.g3 Nc6 4.Bg2 g6 5.Nf3 Bg7 6.a3 d5 7.cxd5 Nxd5 8.O-O O-O
9.Qc2 Nc7 10.d3 b6 11.Bd2 Bb7 12.Rab1 Ne6 13.b4 cxb4 14.axb4 Ncd4 15.Nxd4 Nxd4
16.Qd1 Bxg2 17.Kxg2 Qd7 18.b5 a6 19.bxa6 Rxa6 20.e3 Qc6+ 21.f3 Ne6 22.d4 Nc7
23.Qe2 Rfa8 24.Rfc1 Qd7 25.Rc2 h5 26.Rcb2 Nd5 27.Qc4 Nxc3 28.Bxc3 Ra4 29.Qb5
Qe6 30.Bd2 Ra3 31.Qxb6 Qc4 32.Qb5 Qxb5 33.Rxb5 Rd3 34.R1b2 e5 35.dxe5 Rad8
36.Bc1 Rc3 37.Bd2 Rcd3 38.Ba5 R8d7 39.Bb6 Rd2+ 40.Rxd2 Rxd2+ 41.Kh3 g5 42.Bd4
g4+ 43.fxg4 hxg4+ 44.Kxg4 Rxh2 45.Rb8+ Kh7 46.e6 Bxd4 47.e7 Be5 48.e8=Q Bxb8
49.Qxb8 Rh6 50.Qf8 Rg6+ 51.Kf5 Rg7 52.g4 Rg6 53.Qxf7+ Rg7 54.Qxg7+ Kxg7 55.g5
{#r} 1-0

[Event "PRO League Group Stage"]
[Site "masterchessopen.com chess.com INT"]
[Date "2017.02.15"]
[Round "6"]
[White "Pon,M"]
[Black "Sai,KG"]
[Result "1-0"]
[WhiteElo "2165"]
[BlackElo "2339"]

1.e4 e5 2.Nf3 Nc6 3.Bb5 a6 4.Ba4 d6 5.O-O Nf6 6.Re1 b5 7.Bb3 Be7 8.c3 O-O 9.h3
Nd7 10.d3 Nb6 11.Nbd2 Be6 12.Nf1 a5 13.d4 exd4 14.cxd4 d5 15.e5 a4 16.Bc2 b4
17.Ng3 g6 18.Bh6 Re8 19.Rc1 Na5 20.b3 Nb7 21.Ne2 axb3 22.axb3 c5 23.dxc5 Nxc5
24.Ned4 Qd7 25.Qd2 Ra2 26.Qxb4 Nd3 27.Qxb6 Bc5 28.Qb5 Nxe1 29.Qxc5 Rc8 30.Qb4
Nxc2 31.Rxc2 Raa8 32.Rxc8+ Qxc8 33.Kh2 Rb8 34.Qe7 Qd8 35.Qxd8+ Rxd8 36.Bg5 Rb8
37.Be7 Bd7 38.Bd6 Rb7 39.b4 Kg7 40.Nd2 f6 41.f4 Kf7 42.N2b3 Ra7 43.Nc5 Bc8
44.b5 Ra2 45.b6 Rb2 46.Bc7 g5 47.e6+ Ke8 48.fxg5 fxg5 49.Nf5 Bxe6 50.Nxe6 Kd7
51.Nc5+ Kc6 52.b7 Kxc7 53.Nd4 Kd6 54.Ndb3 Kc7 55.Kg3 h5 56.Kf3 Rc2 57.Ke3 Rxg2
58.Na5 Rb2 59.Na6+ Kd6 60.b8=Q+ Rxb8 61.Nxb8 Ke5 62.Nb3 h4 63.Kf3 d4 64.Nxd4
Kxd4 65.Kg4 Ke5 66.Kxg5 Ke6 67.Kxh4 Kf6 68.Kg4 Kg6 69.h4 Kh6 70.h5 Kh7 71.Kg5
Kg7 72.h6+ Kh7 73.Kh5 Kh8 74.Kg6 Kg8 75.Nd7 Kh8 76.Ne5 Kg8 77.h7+ Kf8 78.Kf6
Ke8 79.h8=Q# 1-0

[Event "PRO League Group Stage"]
[Site "masterchessopen.com chess.com INT"]
[Date "2017.02.15"]
[Round "6"]
[White "Teglas,B"]
[Black "Balabaev,T"]
[Result "0-1"]
[WhiteElo "2244"]
[BlackElo "2393"]

1.d4 Nf6 2.Nf3 g6 3.Bf4 Bg7 4.e3 O-O 5.Be2 d6 6.h3 b6 7.O-O Bb7 8.a4 a6 9.c3
Nbd7 10.Na3 Ne4 11.Bh2 e5 12.Qb3 Re8 13.Rfe1 d5 14.Rad1 exd4 15.cxd4 c5
16.dxc5 Ndxc5 17.Qc2 Rc8 18.b4 Ne6 19.Qb3 Nc3 20.Rd3 Nxe2+ 21.Rxe2 d4 22.Rc2
Bxf3 23.gxf3 Qg5+ 24.Bg3 Qh5 25.Rxc8 Rxc8 26.exd4 Nxd4 27.Qd1 Rc1 28.Rxd4
Rxd1+ 29.Rxd1 Bf6 30.Kg2 Qg5 31.Nc4 b5 32.axb5 Qxb5 33.Nd6 Qxb4 34.Ne4 Be7
35.Rd7 f5 36.Nd6 f4 37.Rxe7 Qxd6 38.Re8+ Kf7 39.Ra8 fxg3 40.Ra7+ Kf6 {#R} 0-1

[Event "PRO League Group Stage"]
[Site "masterchessopen.com chess.com INT"]
[Date "2017.02.15"]
[Round "6"]
[White "Chjumachenko,A"]
[Black "Xu,Grant Y"]
[Result "1-0"]
[WhiteElo "2327"]
[BlackElo "2193"]

1.d4 Nf6 2.c4 e6 3.Nf3 b6 4.a3 Ba6 5.Qc2 c5 6.d5 exd5 7.cxd5 d6 8.Nc3 Nbd7
9.g3 b5 10.Bg2 Qb6 11.O-O Be7 12.b4 Bb7 13.bxc5 Nxc5 14.Nd4 Rc8 15.Rb1 a6
16.Nc6 Qc7 17.a4 bxa4 18.Nxa4 Nxd5 19.Nxc5 Bxc6 20.Nxa6 Qa5 21.Nb8 Bb7 22.Qb3
Ba8 23.Rd1 Nc3 24.Bd2 Nxe2+ 25.Kf1 Bxg2+ 26.Kxg2 Qa8+ 27.Qf3 Rxb8 28.Rxb8+
Qxb8 29.Qc6+ Kf8 30.Ra1 Qe8 31.Ra8 Bd8 32.Qxd6+ {#r} 1-0

[Event "PRO League Group Stage"]
[Site "masterchessopen.com chess.com INT"]
[Date "2017.02.15"]
[Round "6"]
[White "Chjumachenko,A"]
[Black "Petesch,Gabriel N"]
[Result "1-0"]
[WhiteElo "2327"]
[BlackElo "2260"]

1.d4 d5 2.Nf3 Nf6 3.c4 dxc4 4.Nc3 c6 5.a4 Bf5 6.Nh4 Bg6 7.Nxg6 hxg6 8.e4 e5
9.Be3 Bb4 10.Bxc4 O-O 11.dxe5 Bxc3+ 12.bxc3 Qa5 13.Qd4 c5 14.Qd3 Nc6 15.f4
Rad8 16.Qc2 Ng4 17.Bd2 Kh8 18.O-O Qc7 19.Rf3 Rfe8 20.Rh3+ Kg8 21.Rg3 Nh6
22.Be3 Na5 23.Bd5 Nc6 24.Qa2 Kh7 25.Rf1 b6 26.Rh3 Rd7 27.Qf2 Kg8 28.Qg3 Ne7
29.e6 Rxd5 30.exd5 Nxd5 31.Qf3 fxe6 32.c4 Nf6 33.f5 Nxf5 34.Bf4 e5 35.Bg5 e4
36.Qf4 Qd7 37.Bxf6 gxf6 38.g4 Qd4+ 39.Kh1 Ng7 40.Qxf6 Qxf6 41.Rxf6 e3 42.Rf1
Re4 43.Re1 Rxg4 44.Rhxe3 Rxc4 45.Re7 Rxa4 46.Rb7 Kf8 47.Ree7 Nf5 48.Rf7+ Kg8
49.Rfd7 Rd4 50.Rb8# 1-0

[Event "PRO League Group Stage"]
[Site "masterchessopen.com chess.com INT"]
[Date "2017.02.15"]
[Round "6"]
[White "Stukopin,A"]
[Black "He,Anthony B"]
[Result "1-0"]
[WhiteElo "2586"]
[BlackElo "2183"]

1.e4 c5 2.Nf3 Nc6 3.Nc3 Nf6 4.Bb5 g6 5.O-O Bg7 6.Re1 O-O 7.h3 Nd4 8.e5 Nxb5
9.Nxb5 Nd5 10.d4 d6 11.exd6 exd6 12.Bg5 Qb6 13.c4 Nf6 14.Bf4 Rd8 15.b4 cxd4
16.a4 a6 17.c5 Qc6 18.Nfxd4 Qd7 19.Nxd6 Nd5 20.Bg5 Rf8 21.Qd2 b6 22.Nf3 Bb7
23.Ne5 Qc7 24.Nxb7 Bxe5 25.Qxd5 Bxa1 26.Rxa1 bxc5 27.bxc5 Rab8 28.c6 Rfe8
29.Rd1 Rec8 30.Rc1 Re8 31.Qd6 Rxb7 32.Qf6 Rbb8 33.Bf4 Qa5 34.Bxb8 Rxb8 35.c7
Rc8 36.Qc6 Qd2 37.g3 h5 38.h4 Kg7 39.Kg2 a5 40.Rc4 Qd3 41.Rf4 Qd2 42.Qf6+ Kh6
43.Qxf7 Qd6 44.Rf6 Qd3 45.Rc6 Qe4+ 46.Qf3 Qxf3+ 47.Kxf3 Kg7 48.Ke4 Kf7 49.Kd5
Ke8 50.Ke6 {#r} 1-0

[Event "PRO League Group Stage"]
[Site "masterchessopen.com chess.com INT"]
[Date "2017.02.15"]
[Round "6"]
[White "Bernotas,A"]
[Black "Sadhwani,Raunak"]
[Result "1-0"]
[WhiteElo "2332"]
[BlackElo "2218"]

1.e4 c6 2.Nc3 d5 3.Qe2 d4 4.Nd1 c5 5.g3 b6 6.Bg2 Ba6 7.d3 e5 8.f4 Nd7 9.Nf3
Bd6 10.O-O Ne7 11.Nf2 O-O 12.f5 Rc8 13.g4 c4 14.g5 cxd3 15.cxd3 f6 16.Kh1 Kh8
17.Ng4 Nc5 18.Ne1 Nc6 19.gxf6 gxf6 20.Bd2 Qe7 21.Rg1 Rg8 22.Rc1 Na4 23.Nh6
Rgf8 24.Rc2 Nb4 25.Rxc8 Rxc8 26.Bf3 Nxb2 27.Qg2 Qf8 28.Bh5 N4xd3 29.Nf7+ Qxf7
30.Bxf7 Nf2+ 31.Qxf2 Nd3 32.Nxd3 Bxd3 33.Qg2 Bxe4 34.Qxe4 {#r} 1-0

[Event "PRO League Group Stage"]
[Site "masterchessopen.com chess.com INT"]
[Date "2017.02.15"]
[Round "6"]
[White "Aradhya,Garg"]
[Black "Haug,J"]
[Result "1-0"]
[WhiteElo "2230"]
[BlackElo "2311"]

1.Nf3 Nf6 2.g3 b6 3.Bg2 Bb7 4.O-O c5 5.c4 g6 6.Nc3 Bg7 7.Re1 d6 8.d4 cxd4
9.Qxd4 Nbd7 10.b3 O-O 11.Bb2 a6 12.Qd2 b5 13.cxb5 axb5 14.e4 Nc5 15.e5 dxe5
16.Qe3 e4 17.Ne5 Rc8 18.Rad1 Qa5 19.g4 b4 20.g5 bxc3 21.Bxc3 Qa6 22.gxf6 exf6
23.Nc4 Nd3 24.Re2 f5 25.Bxg7 Kxg7 26.f3 Qe6 27.fxe4 fxe4 28.Rxd3 exd3 29.Qd4+
Qf6 30.Qxf6+ Kxf6 31.Rf2+ Ke6 32.Bxb7 Rcd8 33.Rd2 f5 34.Kf2 g5 35.Bg2 h5
36.Bf1 f4 37.a4 g4 38.Rxd3 Rxd3 39.Bxd3 h4 40.Nd2 h3 41.Nf1 Ke5 42.a5 Rd8
43.Be2 f3 44.Bc4 Kf4 45.a6 Rd7 46.Bb5 Rc7 47.Bc4 Rd7 48.Bb5 Rc7 49.Ne3 g3+
50.hxg3+ Ke4 51.Nf1 Rc2+ 52.Ke1 Rc1+ 53.Kd2 Ra1 54.Nh2 f2 55.Bf1 Ra2+ 56.Kc3
Ke3 57.g4 Kf4 58.b4 Kg3 59.g5 Kxh2 60.g6 Kg1 61.g7 Kxf1 62.g8=Q h2 63.Qxa2
h1=Q 64.Qa1+ Kg2 65.Qxh1+ Kxh1 66.a7 f1=Q 67.a8=Q+ Kg1 68.Qg8+ Kh2 69.Qh7+ Kg3
70.Qg6+ Kh4 71.Qe4+ Kg5 72.Kd4 Qa1+ 73.Kc5 Qa7+ 74.Kc4 Kf6 75.Qd4+ Qxd4+
76.Kxd4 Ke6 77.Kc5 Kd7 78.Kb6 Kc8 79.Ka7 Kc7 80.b5 Kc8 81.b6 {#r} 1-0

[Event "PRO League Group Stage"]
[Site "masterchessopen.com chess.com INT"]
[Date "2017.02.15"]
[Round "6"]
[White "Aradhya,Garg"]
[Black "Carlsen,M"]
[Result "0-1"]
[WhiteElo "2230"]
[BlackElo "2840"]

1.e4 g6 2.d4 d6 3.Nf3 Nf6 4.Nc3 Bg7 5.Be2 O-O 6.O-O a6 7.e5 Nfd7 8.exd6 cxd6
9.Bf4 b5 10.a3 Bb7 11.Re1 Nf6 12.h3 Nbd7 13.a4 b4 14.Na2 Nd5 15.Bd2 a5 16.c3
bxc3 17.Nxc3 Nxc3 18.Bxc3 Nf6 19.Nd2 Nd5 20.Bf3 e6 21.Nc4 Qc7 22.Bxd5 Bxd5
23.Ne3 Qb7 24.Qd2 Rfb8 25.Bxa5 Bh6 26.Bc3 Bxg2 27.d5 Bxh3 28.Qd4 e5 29.Qh4
Bxe3 30.Rxe3 Bf5 31.Qf6 Ra6 32.f4 Qb6 33.Re1 Rxa4 34.fxe5 Rg4+ 35.Kh2 dxe5
36.Qxb6 Rh4+ 37.Kg3 Rg4+ 38.Kh2 Rxb6 39.Rxe5 f6 40.Re8+ Kg7 41.Bd2 g5 42.R1e7+
Kh6 43.Rf8 Rxb2 44.Rxf6+ Kh5 45.Rxf5 Rxd2+ 46.Kh3 h6 47.Re6 Rgd4 48.Rff6 R4d3+
49.Rf3 Rxf3# 0-1

[Event "PRO League Group Stage"]
[Site "masterchessopen.com chess.com INT"]
[Date "2017.02.15"]
[Round "6"]
[White "Gretarsson,Hj"]
[Black "Haria,R"]
[Result "1-0"]
[WhiteElo "2563"]
[BlackElo "2382"]

1.c4 e6 2.Nc3 d5 3.d4 c6 4.e4 Bb4 5.e5 c5 6.Nf3 Nc6 7.a3 Bxc3+ 8.bxc3 dxc4
9.Bxc4 cxd4 10.cxd4 Nge7 11.O-O b6 12.Qe2 Bb7 13.Rd1 O-O 14.Bb2 Nd5 15.Rac1
Rc8 16.Ba2 Nce7 17.Bb1 Ng6 18.g3 Rxc1 19.Rxc1 Qa8 20.Ng5 Nde7 21.h4 h6 22.Ne4
Nf5 23.h5 Nge7 24.g4 Nh4 25.f3 g5 26.Qd3 Bxe4 27.fxe4 f6 28.Rc7 Qd8 29.Qc4
fxe5 30.Qxe6+ Rf7 31.Rd7 Nf3+ 32.Kh1 Qf8 33.Ba2 {#r} 1-0

[Event "PRO League Group Stage"]
[Site "masterchessopen.com chess.com INT"]
[Date "2017.02.15"]
[Round "6"]
[White "Gretarsson,Hj"]
[Black "Adair,J"]
[Result "1-0"]
[WhiteElo "2563"]
[BlackElo "2480"]

1.c4 c5 2.g3 g6 3.Bg2 Bg7 4.Nc3 Nc6 5.a3 b6 6.Rb1 Bb7 7.d3 e6 8.e4 Nge7 9.Nge2
O-O 10.O-O d6 11.b4 Qd7 12.h3 Rfd8 13.Kh2 Rac8 14.Be3 Nd4 15.f4 Nxe2 16.Nxe2
cxb4 17.axb4 d5 18.cxd5 exd5 19.e5 d4 20.Bxb7 Qxb7 21.Bxd4 Qd7 22.Rb3 Qa4
23.Qb1 Rc7 24.Bf2 Nd5 25.Nd4 Bf8 26.b5 Nc3 27.Qb2 Rxd4 28.Ra1 Rxd3 29.Rxa4
Nxa4 30.Qa2 Rxb3 31.Qxb3 Nc5 32.Bxc5 Bxc5 33.e6 Re7 34.exf7+ Rxf7 35.Qe6 Kg7
36.Qe5+ Kg8 37.Kg2 Bf8 38.h4 h5 39.Kf3 Bc5 40.Qg5 Kg7 41.Qd8 Re7 42.f5 gxf5
43.Kf4 Be3+ 44.Kxf5 Rf7+ 45.Ke4 Bh6 46.Qe8 Kf6 47.Kd5 Kg7 48.Ke6 Rf6+ 49.Ke5
Rf7 50.Ke4 Kf6 51.Qg8 Re7+ 52.Kd4 Bg7 53.Kd5 Kg6 54.Kc6 Re5 55.Kb7 Rxb5
56.Qe8+ {#r} 1-0

[Event "PRO League Group Stage"]
[Site "masterchessopen.com chess.com INT"]
[Date "2017.02.15"]
[Round "6"]
[White "Tari,A"]
[Black "Aradhya,Garg"]
[Result "1-0"]
[WhiteElo "2584"]
[BlackElo "2230"]

1.c4 Nf6 2.Nc3 e6 3.e4 d5 4.cxd5 exd5 5.e5 Ne4 6.Nf3 Nc6 7.d4 Be7 8.Bd3 Nxc3
9.bxc3 O-O 10.O-O Bg4 11.Re1 f6 12.exf6 Bxf6 13.Ba3 Re8 14.Qb1 Bxf3 15.Rxe8+
Qxe8 16.gxf3 Nxd4 17.cxd4 Bxd4 18.Bxh7+ Kh8 19.Qf5 Bxa1 20.Bg6 Qe1+ 21.Kg2 Qd2
22.f4 Qe2 23.Qh3+ {#r} 1-0

[Event "PRO League Group Stage"]
[Site "masterchessopen.com chess.com INT"]
[Date "2017.02.15"]
[Round "6"]
[White "Tari,A"]
[Black "Grover,S"]
[Result "1-0"]
[WhiteElo "2584"]
[BlackElo "2467"]

1.c4 e5 2.Nc3 Nf6 3.Nf3 Nc6 4.g3 d5 5.cxd5 Nxd5 6.Bg2 Nb6 7.O-O Be7 8.Rb1 a5
9.d3 Be6 10.Be3 Nd5 11.Nxd5 Bxd5 12.Qa4 O-O 13.Rfc1 f6 14.a3 Qd6 15.Qb5 Rfd8
16.Bc5 Qd7 17.e4 Be6 18.Bxe7 Nxe7 19.Qxb7 c5 20.Qb6 Rdb8 21.Qxc5 Ba2 22.Ra1
Be6 23.d4 Rc8 24.Qb6 Rcb8 25.Qc7 exd4 26.Qxd7 Bxd7 27.Rc7 Rd8 28.Nxd4 Rab8
29.Rd1 Ba4 30.Rd2 Nc6 31.Rxc6 Bxc6 32.Nxc6 Rxd2 33.Nxb8 Rxb2 34.Nc6 a4 35.Bf1
{#r} 1-0

[Event "PRO League Group Stage"]
[Site "masterchessopen.com chess.com INT"]
[Date "2017.02.15"]
[Round "6"]
[White "Priyadharshan,K"]
[Black "Jensen,Mat"]
[Result "1-0"]
[WhiteElo "2527"]
[BlackElo "2039"]

1.d4 Nf6 2.Nc3 c5 3.d5 d6 4.e4 g6 5.Nf3 Bg7 6.Bd3 Nbd7 7.h3 a6 8.a4 O-O 9.O-O
Qc7 10.Re1 e5 11.dxe6 fxe6 12.Bc4 Nb6 13.Ba2 Bd7 14.a5 Nc8 15.e5 Nh5 16.exd6
Nxd6 17.Ng5 c4 18.Rxe6 Nb5 19.Nd5 Qc5 20.Be3 Bd4 21.Re5 Bxe3 22.fxe3 Qd6
23.Ne7+ Kg7 24.Rd5 Qg3 25.Qe1 Rad8 26.Qxg3 Nxg3 27.Rad1 Ne2+ 28.Kh2 Kf6
29.Nxh7+ Kxe7 30.Nxf8 Kxf8 31.Rxd7 Rxd7 32.Rxd7 {#r} 1-0

[Event "PRO League Group Stage"]
[Site "masterchessopen.com chess.com INT"]
[Date "2017.02.15"]
[Round "6"]
[White "Astaneh Lopez,A"]
[Black "Klein,Da"]
[Result "1-0"]
[WhiteElo "2417"]
[BlackElo "2509"]

1.e4 c5 2.Nf3 e6 3.b3 Nc6 4.Bb2 d6 5.d4 cxd4 6.Nxd4 Nf6 7.Nxc6 bxc6 8.Nd2 e5
9.Qf3 Be7 10.h3 Be6 11.Nc4 O-O 12.O-O-O Qc7 13.Kb1 a5 14.a4 Nd7 15.Qe3 Rab8
16.f4 Bxc4 17.Bxc4 Nb6 18.Qc3 Bf6 19.f5 d5 20.Bxd5 Rfc8 21.Bc4 Nxc4 22.Qxc4
Rb4 23.Qc5 Rxe4 24.Rhe1 Rxe1 25.Rxe1 Re8 26.Bc3 Qd7 27.g4 h5 28.Qc4 Qd6 29.Qe4
Bh4 30.Rf1 Qc5 31.Kb2 Bg3 32.f6 Qd5 33.Qe3 Qg2 34.Qg5 g6 35.Qh6 Qxc2+ 36.Ka3
Qc1+ 37.Rxc1 Bf4 38.g5 Bxc1+ 39.Bb2 Bd2 40.Ka2 e4 41.Qg7# 1-0

[Event "PRO League Group Stage"]
[Site "masterchessopen.com chess.com INT"]
[Date "2017.02.15"]
[Round "6"]
[White "Astaneh Lopez,A"]
[Black "Van der Lende,I"]
[Result "1-0"]
[WhiteElo "2417"]
[BlackElo "2315"]

1.Nf3 Nf6 2.c4 e6 3.e3 d5 4.b3 c5 5.Bb2 Nc6 6.Be2 d4 7.exd4 cxd4 8.d3 e5 9.O-O
Be7 10.Na3 O-O 11.Nc2 a5 12.a3 Nd7 13.Re1 f6 14.Rb1 Qb6 15.Nd2 Nc5 16.b4 axb4
17.axb4 Na4 18.b5 Nb4 19.Bxd4 exd4 20.Nxb4 Nc3 21.Nd5 Qd8 22.Nxc3 dxc3 23.Ne4
Qd4 24.Qc2 Ra3 25.Ra1 f5 26.Ng3 Bc5 27.Bf3 Rxa1 28.Rxa1 g5 29.Rf1 Qe5 30.Ne2
Bd4 31.Bd5+ Kg7 32.Nxd4 Qxd4 33.Rc1 Re8 34.h3 Re5 35.Qxc3 Qxc3 36.Rxc3 Kf6
37.Kf1 b6 38.Ra3 Ke7 39.d4 {#r} 1-0